Every Potential Name For The Washington Football Team - Statistics

General Stats
  • This quiz has been taken 16 times
  • The average score is 4 of 8
Answer Stats
Starting Letter Answer % Correct
C Commanders
100%
W Washington Football Team
100%
R Redhogs
63%
R Redwolves
50%
P Presidents
38%
D Defenders
25%
A Armada
13%
B Brigade
13%
No matching quizzes found
Score Distribution
Percent of People with Each Score
Percentile by Number Answered
Your Score History
You have not taken this quiz